000 00640nam a22002417a 4500
003 UA-OsUOA
001 100790
007 ta
008 20130530b un ||||| |||| 00| 0 ukr d
100 _aШарр'єр А.
090 _a821.133.1
_bШ26
942 _cBK
040 _aUA-OsUOA
_bukr
_cUA-OsUOA
_dUA-OsUOA
245 _aМетелик
_bроман
300 _a495 с.
955 _a3
041 _aukr
080 _a821.133.1
020 _a5-333-01028-5
260 _aК.
_bРадянський письменник
_c1991
650 7 _a82 Література. Літературознавство
_2UDC
999 _c387115
_d387115